The Office - Michael Scott's Misquotes - Random - Statistics

General Stats
  • This quiz has been taken 70 times
  • The average score is 9 of 20
Answer Stats
That's What He Said What He Meant / What's Correct % Correct
I have a disease. (…) I cant even say it. H... I... R-P-E-E-S H-E-R-P-E-S
92%
"…tell him to call me ASAP as possible" {ASAP} (only) OR {as soon as possible}
89%
"Jim Halpert is smudge and arrogant" "And there's that smudgeness" {Smug}/{Smug}ness
88%
"the early worm gets the worm" Early {bird} catches the {worm}
85%
"Ah, yes… There's the X-Aksiks" X-Axis
80%
"Stacey, broke up with me" - Kevin (...)
"She's... You don't deserve her" - Michael Scott
{She} doesn't deserve {you}
78%
"Why don’t you enliven me?" Enlighten
77%
"This is what we want. Our balls are in your court" {The} {ball} is in your court
75%
"Yesterday, (…) I gave myself the nastiest shock. And when I came to, I had an epiphery" Epiphany
73%
"I am downloading some N3P…" - Michael Scott"That's not it" - Jim Halpert "...music…" - Michael Scott MP3
73%
"My mind is going a mile an hour" Going a mile a {minute}
71%
"Contraptions! She's Contrapting" Contractions
70%
"I made a mistake. I committed corporate punishment" {Corporal} punishment
70%
"Well, well, well… How the turntables…" How the {tables} have {turned}
69%
"You know what they say, keep your friends close" Keep your friends close and {YOUR} {ENEMIES} {CLOSER}
69%
"Wish I could, but I can’t. Well can, but won’t. Should, maybe, but shorn’t" "What part of shorn't don't you understand, Kevin?" Shouldn't and Won't (a mix)
69%
(regarding Kelly's eating disorder)"She always eats my lunch" - Erin Hannah
"Anorexia. She's an anorexitic" - Michael Scott
Anorectic/Anorexic (spelling) OR Bullymia/Bullymic (context)
67%
"…those things are like ticking time-bags" Ticking {time}-{bombs}
67%
"You say 'no more parties', and then you spend all of this money on lunch. I think it's a little hypercritical" Hypocritical
64%
"Come here you. Ahh, the prod....er..progidal....uh.. my son returns" The {prodigal} {son}
62%
"Because Phyllis - a woman - has uslurped my role as Santa" Usurped
62%
Why don’t you ask if Darryl is a bad friend who backstabs people in the back? backstabs people OR stabs people in the back
60%
"If I'd brought in some burritos or some colored greens, or some pad Thai" {Collard} greens
60%
"Just seems awfully mean. But sometimes the ends justify the mean…" The ends justuify the {means}
59%
"...the odds of them (Jim and Pam) getting together were insurmountainable" Insurmountable
58%
"That’s fancy feast. Ultra feast is something they made up so they can pig out together in the name of ceremony" - Oscar Martinez"What is October feast?" - Michael Scott Oktoberfest
58%
"This is like a witch hunt. This is like The Blair Witch Hunt Project" The Blair Witch Project
58%
"Check it out. Christmas bonus. 3,000 Gs" 3000 (dollars) OR 3 Gs (grand)
57%
"I was probed. By an alien life force" Alien life {form}
56%
"…he (Jesus Christ) can heal leopards" Lepers
56%
"Today I am headed over to the job fair (…) to find some new interns. Get some fresh blood. Um, euthanize this place" {Youth}anize (not coined) OR {Rejuvenate/Revitalize}
54%
"The business world is a doggy-dog world" {Dog} {eat} {dog} world
50%
"…there's no rest for the sick" No rest for the {wicked/weary}
50%
"No, Dwight! Respect. R-E-S-P-svee-T" R-E-S-P-E-C-T
50%
[to a woman] "OK. Well, thanks for wasting my time tonight, idiot. God!" - Dwight Schrute "Hey, you don’t deserve her" - Michael Scott {She} doesn't deserve {you}
50%
"I'm gonnaaa... stay up all day. I'm gonna sleep up all night" Stay up all {night} and sleep (up) all {day}
50%
"Webster's Dictionary defines wedding as the fusing of two metals with a hot torch" {Welding} (mistype)
50%
"…find out if there are any skelletons in his attic" Skelletons in the {closet}
47%
"You know what they say: fool me once, strike one. Fool me twice... strike three" Fool me once {shame on you}. Fool me twice {shame on me}
45%
"By far and away, the most expensive shot in the movie. But, it was intregal to the story" - Michael Scott Integral
45%
"He (Michael) says personnel day. Are we hiring?" - Dwight Schrute "I think he meant [answer] day" - Pam Beesly Personal
45%
"You're going to H-E-L-L-double-hockey-sticks. You're going to hell, Stanley" H-E-double-hockey-sticks
44%
"They are in, for a bitter surprise. I am not to be truffled with" Not to be {trifled} with
44%
"...now, at a time TDB all of these problems will be in the past" TBD (to be determined)
44%
"To tell you or not, and I'm glad I did. I feel very, very good and catharctic" Cathartic
43%
"I like this chair (…) it is urkelnomically correct" Ergonomically
43%
"They are trying to make me an escape goat" Scapegoat
42%
"Hmm… that's sort of an oaky afterbirth" Aftertaste
41%
"You can be (…) a... migraine worker" {Migrant} worker
38%
"A particular concern for office workers is a sedimentary lifestyle which can contribute…" {Sedentary} lifestyle
36%
"Who wants some munchies?" Who {has} {the} munchies?
31%
(after spanking his twenty something nephew)
"There are many different schools of thought on capital punishment"
{Corporal} punishment
29%
"…you encouraged it. You were complicit. Complicit. You were all successories!" Accessories
27%
"It's too late to undo it. I need to know. Otherwise this thing is going to spiral out of amok" Spiral out of {control} OR {Run} amok
27%
Michael Scott's Dunder Mifflin Scranton Meredith Palmer Memorial Celebrity Rabies Awareness Pro-Am Fun Run Race for the Cure {Fund} Run
25%
"The rest of the story has been censored due to inappropriosity" Inappropriateness
25%
"…On a boat. Who knows. It's nebulose" Nebulous
25%
"Ridiculous, Angela. And like I'm going to believe one of his (Andy) spermed lovers" {Spurned} lovers
19%
(handing a hat to Donna) "I have your baguette" Barrette
17%
"Look, I watch The L Word, okay?" - Michael Scott"Good. Good" - Jan Levinson "I watch Queer as Fu*k! ...so…" - Michael Scott Queer as F{olk}
17%

"...it's really beyond words. It's really incalculacable"

Incalculable
15%
"My plan... A man. Panama" A {man}, a {plan}, a {canal}. Panama!
14%
"Do you have a crescent.. uh.. crescent allen?" Crescent Wrench OR Allen Wrench
14%
"Two queens on casino night. I am going to drop a deuce on everybody" Drop a {bomb} on everybody (a big surprise)
14%
"Cause you know what they say in the Bible about forgiveness? Forgiveness is next to Godliness" {Cleanliness} is next to Godliness (not from the Bible)
13%
"... get her to be in this commercial. This would be a huge coupe people. All right?" This would be a huge {scoop}
11%
"I believe the expression was cut off your nose it's a spider-face" - Jim Halpert quoting Michael Cut off your nose to {spite} {your} {face}
10%
"I felt it would be [answer] to have a little refresher course on romance in the workplace" - Gabe Lewis "Perfect. Yes. It is quite apro... propriate. Carry on" - Michael Scott Apropros
8%
"…I consider myself a great philanderer" Philantropist
8%
"I'm saying that you're being sexist" - Karen Filipelli "No. I'm being misogynistic" - Michael Scott (meaning the opposite) {Inclusive}
6%
[while cutting his pants] "Okay. Oh... there we go. Watch that I don’t hit my corroded artery here…" C{arotid} artery (not in the leg, in the {neck})
0%
"...it is my responsibility, as manager of this branch, to profiligate great ideas…" Propagate
0%
"Do you like TCBY?" - Michael Scott "Who doesn’t?" - Jim Halpert "I can’t believe it’s... I can’t believe it’s yogurt" - Michael Scott TCBY - The {Country}'s {Best} Yogurt{ICBIY} - I can’t believe it’s yogurt
0%
No matching quizzes found
Score Distribution
Percent of People with Each Score
Percentile by Number Answered
Your Score History
You have not taken this quiz